A hybrid creature (Record no. 83218)

MARC details
000 -LEADER
fixed length control field 00908cab a22002055a 4500
001 - CONTROL NUMBER
control field L153177
008 - FIXED-LENGTH DATA ELEMENTS--GENERAL INFORMATION
fixed length control field 110620e20110528xxk 000 0 eng d
035 ## - SYSTEM CONTROL NUMBER
System control number (Sirsi) u153177
041 0# - LANGUAGE CODE
Language code of text/sound track or separate title eng
100 1# - MAIN ENTRY--PERSONAL NAME
Personal name White, Andrew
245 02 - TITLE STATEMENT
Title A hybrid creature
260 ## - PUBLICATION, DISTRIBUTION, ETC.
Date of publication, distribution, etc. 2011
490 ## - SERIES STATEMENT
Series statement Estates Gazette
Volume/sequential designation (1121) 28 May 2011, 90-91(2)
520 ## - SUMMARY, ETC.
Summary, etc. Analysis of mixed use schemes which are recently enjoying a revival as they can be a stimulus for urban regeneration and sustainable communities. However the competing uses of the commercial and residential elements can create serious risks for those involved in the running of the schemes. Looks at the challenges associated with service charges, tenants' rights and pre-emption rights.
590 ## - LOCAL NOTE (RLIN)
Local note KA
651 #4 - SUBJECT ADDED ENTRY--GEOGRAPHIC NAME
Geographic name United Kingdom
Chronological subdivision
690 ## - LOCAL SUBJECT ADDED ENTRY--TOPICAL TERM (OCLC, RLIN)
Topical term or geographic name as entry element ENVIRONMENTAL AND LAND CONSULTANCY-PLANNING AND DEVELOPMENT
700 1# - ADDED ENTRY--PERSONAL NAME
Personal name Chandler, Bill
942 ## - ADDED ENTRY ELEMENTS (KOHA)
Suppress in OPAC 0
Holdings
Withdrawn status Lost status Source of classification or shelving scheme Damaged status Not for loan Home library Current library Shelving location Date acquired Total Checkouts Full call number Barcode Date last seen Copy number Price effective from Koha item type
    Dewey Decimal Classification     London London Journal article 20/06/2011   L153177 153177-1001 06/08/2019 1 06/08/2019 Journal article